[Event "Gatineau Nez Rouge-B"]
[Site "Gatineau"]
[Date "2014.12.16"]
[Round "4"]
[White "Morones, Oliver"]
[Black "Arsenault, Yves"]
[Result "0-1"]
[WhiteElo "1296"]
[BlackElo "1498"]
[PlyCount "52"]
[EventDate "2014.11.25"]
[EventType "swiss"]
[EventRounds "4"]
[EventCountry "CAN"]
[SourceTitle "EXT 2016"]
[Source "ChessBase"]
[SourceDate "2015.10.08"]
[SourceVersion "1"]
[SourceVersionDate "2015.10.08"]
[SourceQuality "1"]

1. d3 d5 2. e4 dxe4 3. Nc3 exd3 4. Bxd3 Nf6 5. h3 Bd7 6. Bf4 Bc6 7. Nf3 Nbd7 8. Qe2 e6 9. 0-0-0 Bb4 10. Ne4 Nd5 11. Be5 f6 12. Bg3 0-0 13. Nd4 Re8 14. Nxc6 bxc6 15. c4 f5 16. cxd5 fxe4 17. Qxe4 Nf6 18. Qxb4 Nxd5 19. Qc5 Qf6 20. Rhe1 Rab8 21. Be5 Qg5+ 22. f4 Nxf4 23. Be4 Nd3+ 24. Kc2 Nxc5 25. g4 Nxe4 26. Rxe4 Qg6 0-1

[Event "Gatineau Nez Rouge-B"]
[Site "Gatineau"]
[Date "2014.12.02"]
[Round "2"]
[White "Morones, Oliver"]
[Black "Lemieux, Denis"]
[Result "0-1"]
[WhiteElo "1296"]
[BlackElo "1452"]
[PlyCount "74"]
[EventDate "2014.11.25"]
[EventType "swiss"]
[EventRounds "4"]
[EventCountry "CAN"]
[SourceTitle "EXT 2016"]
[Source "ChessBase"]
[SourceDate "2015.10.08"]
[SourceVersion "1"]
[SourceVersionDate "2015.10.08"]
[SourceQuality "1"]

1. e4 c6 2. a3 d5 3. d3 dxe4 4. Nc3 exd3 5. Bxd3 Nf6 6. h3 e6 7. Bg5 Be7 8. Qf3 Nbd7 9. Bf4 Nd5 10. Nge2 Nxf4 11. Nxf4 Nf6 12. 0-0-0 Nd5 13. Nfe2 Bf6 14. Be4 Qa5 15. Rd3 b5 16. Nxd5 cxd5 17. Rxd5 exd5 18. Bxd5 Rb8 19. Qe3+ Kf8 20. Nd4 Qb6 21. Rd1 Bb7 22. Bb3 Rd8 23. c3 h6 24. g4 g6 25. f4 Kg7 26. g5 Bxd4 27. cxd4 hxg5 28. fxg5 Rhe8 29. Qf2 Qc7+ 30. Kb1 Be4+ 31. Ka1 Bf5 32. d5 Qb6 33. Qg3 Qe3 34. Qh4 Rh8 35. Qb4 Rxh3 36. Ba2 Rc8 37. Re1 Rc1+ 0-1

[Event "Gatineau Nez Rouge"]
[Site "Gatineau"]
[Date "2012.12.11"]
[Round "4"]
[White "Morones, Oliver"]
[Black "Simard, Paul"]
[Result "0-1"]
[WhiteElo "1320"]
[BlackElo "1125"]
[PlyCount "88"]
[EventDate "2012.11.20"]
[EventType "swiss"]
[EventRounds "5"]
[EventCountry "CAN"]
[SourceTitle "EXT 2022"]
[Source "ChessBase"]
[SourceDate "2021.10.06"]
[SourceVersion "1"]
[SourceVersionDate "2021.10.06"]
[SourceQuality "1"]

1. d3 e5 2. e4 Nc6 3. Nc3 Nf6 4. h3 h6 5. a3 a6 6. Be3 b5 7. Nf3 Bb7 8. d4 exd4 9. Nxd4 Nxd4 10. Bxd4 d6 11. Qf3 Be7 12. Bd3 0-0 13. g4 c5 14. Be3 c4 15. Be2 Qd7 16. Qg3 Nxe4 17. Nxe4 Bxe4 18. f3 Bxc2 19. h4 f6 20. f4 d5 21. g5 fxg5 22. hxg5 hxg5 23. Bg4 Bf5 24. Bf3 gxf4 25. Bxf4 Qe6+ 26. Kf2 Rad8 27. Rae1 Qb6+ 28. Kg2 Be4 29. Bxe4 dxe4 30. Rxe4 Qb7 31. Rhe1 Rf5 32. Qh3 Rxf4 33. Qe6+ Rf7 34. Rf1 Rdf8 35. Kh3 Kh8 36. Rh1 Rf1 37. Rh2 R8f2 38. Rg2 Rh1+ 39. Kg3 Bh4+ 40. Kg4 Rxg2+ 41. Kf3 Rf2+ 42. Kg4 Rg2+ 43. Kf3 Rg3+ 44. Kf4 Qc7+ 0-1

[Event "Gatineau LEO-B"]
[Site "Gatineau"]
[Date "2012.05.12"]
[Round "6"]
[White "Morones, Oliver"]
[Black "Legare, Gilles"]
[Result "1-0"]
[WhiteElo "1258"]
[BlackElo "1099"]
[PlyCount "71"]
[EventDate "2012.04.10"]
[EventType "swiss"]
[EventRounds "6"]
[EventCountry "CAN"]
[SourceTitle "EXT 2013"]
[Source "ChessBase"]
[SourceDate "2012.11.22"]
[SourceVersion "1"]
[SourceVersionDate "2012.11.22"]
[SourceQuality "1"]

1. e4 e6 2. Nc3 c6 3. d4 d5 4. e5 b5 5. a3 Ba6 6. Na2 c5 7. c3 Nd7 8. a4 Qb6 9. Be3 c4 10. Nb4 Ne7 11. a5 Qb7 12. Nh3 Ng6 13. Qh5 Bxb4 14. cxb4 0-0 15. Be2 f6 16. f4 Qc7 17. 0-0 c3 18. bxc3 Qxc3 19. Bf2 Qxb4 20. Rfb1 Qe7 21. Bd3 Rf7 22. f5 exf5 23. Bxf5 Ndf8 24. Re1 Bc8 25. Bd3 Be6 26. Bxb5 Bxh3 27. Qxh3 fxe5 28. Bc6 Nf4 29. Qb3 Qf6 30. Bxd5 Nh3+ 31. gxh3 Qxf2+ 32. Kh1 Qxd4 33. Bxa8 Ng6 34. Rad1 Qh4 35. Bd5 Nf4 36. Qb8+ 1-0

[Event "Gatineau LEO-B"]
[Site "Gatineau"]
[Date "2012.05.08"]
[Round "5"]
[White "Simard, Paul"]
[Black "Morones, Oliver"]
[Result "0-1"]
[WhiteElo "1170"]
[BlackElo "1258"]
[PlyCount "42"]
[EventDate "2012.04.10"]
[EventType "swiss"]
[EventRounds "6"]
[EventCountry "CAN"]
[SourceTitle "EXT 2013"]
[Source "ChessBase"]
[SourceDate "2012.11.22"]
[SourceVersion "1"]
[SourceVersionDate "2012.11.22"]
[SourceQuality "1"]

1. e4 d6 2. Nf3 e6 3. c3 Nc6 4. d4 Bd7 5. Bd3 a6 6. Nbd2 h6 7. 0-0 g5 8. h3 h5 9. Nc4 g4 10. hxg4 hxg4 11. Nh2 Qh4 12. Bf4 Nf6 13. f3 g3 14. Bxg3 Qxg3 15. Rf2 Rxh2 16. Kf1 Rh1+ 17. Ke2 Rxd1 18. Rxd1 0-0-0 19. Rh1 d5 20. exd5 Nxd5 21. Rh3 Nf4+ 0-1

[Event "Gatineau LEO-B"]
[Site "Gatineau"]
[Date "2012.05.01"]
[Round "4"]
[White "Berthiaume, Serge"]
[Black "Morones, Oliver"]
[Result "1-0"]
[WhiteElo "1387"]
[BlackElo "1258"]
[PlyCount "61"]
[EventDate "2012.04.10"]
[EventType "swiss"]
[EventRounds "6"]
[EventCountry "CAN"]
[SourceTitle "EXT 2013"]
[Source "ChessBase"]
[SourceDate "2012.11.22"]
[SourceVersion "1"]
[SourceVersionDate "2012.11.22"]
[SourceQuality "1"]

1. d4 d6 2. e4 e6 3. Nc3 a6 4. Nf3 Bd7 5. Bd3 h6 6. Be3 Qe7 7. 0-0 Nf6 8. e5 Ng4 9. exd6 cxd6 10. Bf4 g5 11. Bd2 Bg7 12. b4 Nc6 13. h3 Nf6 14. b5 Nd8 15. a4 Nh5 16. Re1 Nf4 17. Bxf4 gxf4 18. Nd5 Qf8 19. Nc7+ Ke7 20. Nxa8 f5 21. Nh4 Kf7 22. c3 Be8 23. Qf3 Kg8 24. bxa6 Bc6 25. Qxf4 Kh7 26. Nc7 Qf6 27. a7 h5 28. a8Q Bh6 29. Bxf5+ Kg7 30. Qg3+ Kf7 31. Qg6+ 1-0

[Event "Gatineau LEO-B"]
[Site "Gatineau"]
[Date "2012.04.17"]
[Round "2"]
[White "Morones, Oliver"]
[Black "Traversy, Pierre"]
[Result "0-1"]
[WhiteElo "1258"]
[BlackElo "1079"]
[PlyCount "74"]
[EventDate "2012.04.10"]
[EventType "swiss"]
[EventRounds "6"]
[EventCountry "CAN"]
[SourceTitle "EXT 2013"]
[Source "ChessBase"]
[SourceDate "2012.11.22"]
[SourceVersion "1"]
[SourceVersionDate "2012.11.22"]
[SourceQuality "1"]

1. e4 c5 2. f4 e6 3. Nf3 Nc6 4. a3 d6 5. Bb5 Bd7 6. Bxc6 Bxc6 7. Qe2 g6 8. Nc3 a6 9. d4 cxd4 10. Nxd4 Bg7 11. Be3 Ne7 12. h4 h5 13. 0-0-0 Bd7 14. g4 hxg4 15. Qxg4 e5 16. f5 exd4 17. Bxd4 Bxd4 18. Rxd4 Qc7 19. Qf4 gxf5 20. Re1 0-0-0 21. Qf2 Kb8 22. Re3 Nc6 23. Nd5 Qc8 24. Rc4 Be6 25. Ne7 Qd7 26. Nxc6+ Ka8 27. Na5 Bxc4 28. Nxc4 Qc6 29. Rc3 Kb8 30. Nb6 Qxe4 31. Rc4 Qh1+ 32. Kd2 d5 33. Rd4 Rhg8 34. Qf4+ Ka7 35. Qc7 Qg2+ 36. Kc3 Qg3+ 37. Qxg3 Rxg3+ 0-1

[Event "Gatineau Commanditaires op"]
[Site "Gatineau"]
[Date "2012.03.20"]
[Round "4"]
[White "Danilov, Alexandre"]
[Black "Morones, Oliver"]
[Result "1-0"]
[WhiteElo "1713"]
[BlackElo "1201"]
[PlyCount "67"]
[EventDate "2012.02.28"]
[EventType "swiss"]
[EventRounds "4"]
[EventCountry "CAN"]
[SourceTitle "EXT 2013"]
[Source "ChessBase"]
[SourceDate "2012.11.22"]
[SourceVersion "1"]
[SourceVersionDate "2012.11.22"]
[SourceQuality "1"]

1. e4 e5 2. f4 exf4 3. Nf3 Nc6 4. d4 h6 5. Bc4 Na5 6. Bxf7+ Kxf7 7. Ne5+ Ke6 8. Qg4+ Ke7 9. Ng6+ Ke8 10. Nxh8 Qf6 11. Qh5+ Ke7 12. e5 Qe6 13. Ng6+ Kd8 14. Nxf8 Qd5 15. 0-0 g5 16. c3 b5 17. Qf3 Bb7 18. Qxd5 Bxd5 19. Nh7 Ne7 20. Nd2 Kc8 21. b3 Nf5 22. Nf6 Bf7 23. Nde4 Kb7 24. Nxd7 Kc6 25. Ndf6 Kb6 26. Bd2 Nc6 27. Nd7+ Kb7 28. Nec5+ Kc8 29. g3 Nce7 30. gxf4 g4 31. Rae1 Bd5 32. Nf6 Bf3 33. Rxf3 gxf3 34. Kf2 1-0